Safe Cracker I Quiz Stats

 Plays Quiz not verified by Sporcle

Support Sporcle.
Go Orange.
Score 0/22 Timer 03:00
0 Plays Today
How to Enter Answer % Correct
????
100%
????
93.5%
????
92.5%
????
91.6%
????
90%
????
89.5%
????
89.4%
????
83.5%
????
75.1%
????
74.1%
????
64.3%
How to Enter Answer % Correct
????
63.9%
????
63.6%
????
63.6%
????
63.6%
????
62.6%
????
61.7%
????
61.1%
????
57.4%
????
57.4%
????
56.4%
????
55.4%

You're not logged in!

Compare scores with friends on all Sporcle quizzes.
OR
Log In

From the Vault

TV's Bespectacled Characters

by FearTheManatee

You'd never guess a character with glasses, would you?
Remove Ads.
Support Sporcle.
Get the best of Sporcle when you Go Orange. This ad-free experience offers more features, more stats, and more fun while also helping to support Sporcle. Thank you for becoming a member.

Show Comments

Extras

Top Quizzes Today


Score Distribution

Your Account Isn't Verified!

In order to create a playlist on Sporcle, you need to verify the email address you used during registration. Go to your Sporcle Settings to finish the process.

Report this User

Report this user for behavior that violates our Community Guidelines.

Details: